AH International Schools' Libraries

(KHMER) Volcano / (Record no. 49879)

MARC details
000 -LEADER
fixed length control field 00335nam a2200121 4500
020 ## - INTERNATIONAL STANDARD BOOK NUMBER
International Standard Book Number 9789924589884
100 ## - MAIN ENTRY--PERSONAL NAME
Personal name Meng Chea Sodawangsi
9 (RLIN) 87062
245 ## - TITLE STATEMENT
Title (KHMER) Volcano /
Statement of responsibility, etc Meng Chea Sodawangsi
260 ## - PUBLICATION, DISTRIBUTION, ETC. (IMPRINT)
Place of publication, distribution, etc Cambodia
Name of publisher, distributor, etc Mindkids Publishing
Date of publication, distribution, etc 2024
300 ## - PHYSICAL DESCRIPTION
Extent 31 p.
Other physical details col. ill.
Dimensions 20 cm.
650 ## - SUBJECT ADDED ENTRY--TOPICAL TERM
Topical term or geographic name as entry element Volcano
9 (RLIN) 86999
942 ## - ADDED ENTRY ELEMENTS (KOHA)
Source of classification or shelving scheme
Koha item type Book
Holdings
Withdrawn status Lost status Source of classification or shelving scheme Damaged status Not for loan Collection code Home library Current library Date acquired Full call number Barcode Date last seen Price effective from Koha item type Shelving location
          Siem Riep Asian Hope Siem Reap Asian Hope Siem Reap 12/09/2025 KHMER 551.21 MEN 209775 12/09/2025 12/09/2025 Book  
          Siem Riep Asian Hope Siem Reap Asian Hope Siem Reap 01/12/2026 KHMER 551.21 MEN 209837 01/12/2026 01/12/2026 Book SECONDARY

For any Logos Library related questions please contact Miss Art at swongnarasuk@asianhope.org.

For any Asian Hope Library related questions please contact Miss Raza at graza@asianhope.org.

Click here to explore our ebooks!

Powered by Koha